Orissa under the Mughals : from Akbar to Alivardi, a fascinating study of the socio-economic and cultural history of Orissa /

Bibliographic Details
Main Author: Rāẏa, Bhabānī Caraṇa
Format: Book
Language:English
Published: Calcutta : Punthi Pustak, 1981.
Series:Orissan studies project ; no. 10.
Subjects:

MARC

Tag First Indicator Second Indicator Subfields
LEADER 00000cam a2200000 a 4500
001 in00003444792
005 20151206103416.0
008 831025s1981 ii af b 00110 eng d
035 |a (OCoLC)ocm10053165 
040 |a EEM  |c EEM  |d TNY  |d UtOrBLW 
090 |a DS485.O6  |b R28 1981 
100 1 |a Rāẏa, Bhabānī Caraṇa. 
245 1 0 |a Orissa under the Mughals :  |b from Akbar to Alivardi, a fascinating study of the socio-economic and cultural history of Orissa /  |c B. C. Ray. 
264 1 |a Calcutta :  |b Punthi Pustak,  |c 1981. 
300 |a x, 269 pages, 16 unnumbered leaves of plates :  |b illustrations ;  |c 25 cm. 
336 |a text  |b txt  |2 rdacontent 
337 |a unmediated  |b n  |2 rdamedia 
338 |a volume  |b nc  |2 rdacarrier 
490 1 |a Orissan studies project ;  |v no. 10 
504 |a Bibliography: pages 190-199. 
500 |a Includes index. 
651 0 |a Orissa (India)  |x History. 
830 0 |a Orissan studies project ;  |v no. 10. 
999 |a MARS 
999 f f |s c705224c-2d25-3634-b6f3-60cdf7f17b2a  |i cffb7356-0da7-3427-8797-955b512bb21c  |t 0 
952 f f |p ric  |a Texas A&M University  |b Rellis Campus  |c Joint Library Facility  |d Remote Storage  |t 0  |e DS485.O6 R28 1981  |h Library of Congress classification  |i unmediated -- volume  |m 32060003915671 
998 f f |a DS485.O6 R28 1981  |t 0  |l Remote Storage